Phytoremediation: Management of environmental contaminants, V7 (Record no. 395362)
[ view plain ]
| 000 -LEADER | |
|---|---|
| fixed length control field | 00692 a2200241 4500 |
| 005 - DATE & TIME | |
| control field | 20260128110712.0 |
| 008 - FIXED-LENGTH DATA ELEMENTS--GENERAL INFORMATION | |
| fixed length control field | 260127b |||||||| |||| 00| 0 eng d |
| 020 ## - ISBN | |
| International Standard Book Number | 9783031179877 |
| Price | £ 169.99 |
| 040 ## - CATALOGING SOURCE | |
| Original cataloging agency | VIVEKANANDA LIBRARY |
| 082 ## - DDC NUMBER | |
| Classification number | 628.55 |
| Book Number | N462P |
| 100 ## - MAIN ENTRY--PERSONAL NAME | |
| Personal name | Newman, Lee, ed. |
| 245 ## - TITLE STATEMENT | |
| Title | Phytoremediation: Management of environmental contaminants, V7 |
| 260 ## - PUBLICATION, DISTRIBUTION, ETC. (IMPRINT) | |
| Name of publisher, distributor, etc | Springer Nature |
| Date of publication, distribution, etc | 2023 |
| Place of publication, distribution, etc | Switzerland |
| 300 ## - PHYSICAL DESCRIPTION | |
| Pages | xxx, 609 |
| 650 ## - Subject | |
| Subject | Environmental Engineering |
| 650 ## - Subject | |
| Subject | Control of Pollution |
| 650 ## - Subject | |
| Subject | Bioremediation |
| 700 ## - Added Entry Personal Name | |
| Added Entry Personal Name | Ansari, Abid Ali, ed. |
| 700 ## - Added Entry Personal Name | |
| Added Entry Personal Name | Gill, Sarvajeet Singh, ed. |
| 700 ## - Added Entry Personal Name | |
| Added Entry Personal Name | Naeem, M, ed. |
| 700 ## - Added Entry Personal Name | |
| Added Entry Personal Name | Gill, Ritu, ed. |
| 942 ## - ADDED ENTRY ELEMENTS (KOHA) | |
| Koha item type | Books |
| Withdrawn status | Lost status | Source of classification or shelving scheme | Damaged status | Not for loan | Location (home branch) | Sublocation or collection (holding branch) | Shelving location | Date acquired | Koha issues (times borrowed) | Koha full call number | Accession No. | Koha date last seen | Copy number | Koha item type |
|---|---|---|---|---|---|---|---|---|---|---|---|---|---|---|
| Dewey Decimal Classification | VIVEKANANDA LIBRARY | VIVEKANANDA LIBRARY | Vivekananda Library | 07/01/2026 | 628.55 N462P | 443766 | 07/01/2026 | V7 | Books |
